Cercle d'Amics dels Parcs Naturals [Objecte]
Descripción Física:
1 samarreta, talla L
MARC
| LEADER | 00000nam a2200000Ia 4500 | ||
|---|---|---|---|
| 001 | 22976 | ||
| 008 | 160829s9999 xx 000 0 cat d | ||
| 080 | |a NBM-4-13 | ||
| 245 | |a Cercle d'Amics dels Parcs Naturals [Objecte] | ||
| 260 | |a Barcelona : |b Diputació de Barcelona, [2010] | ||
| 300 | |a 1 samarreta, talla L | ||
| 710 | 1 | |a Barcelona (Catalunya : Província). |b Diputació |9 52408 | |
| 710 | 2 | |a Cercle d'Amics dels Parcs Naturals (Barcelona, Catalunya) |9 54519 | |
| 901 | |a Arxiu | ||
| 942 | |n 1 | ||
| 952 | |0 0 |1 0 |4 0 |6 NBM413 |7 1 |9 50733 |a Arxiu |b Arxiu |d 2016-12-01 |l 0 |o NBM-4-13 |p 22976 |r 2016-12-01 00:00:00 |w 2016-12-01 |y ARXIU | ||
| 999 | |c 54575 |d 54575 | ||